City of Aberdeen District Council v Emslie & Simpson Ltd (Record no. 24744)

MARC details
000 -LEADER
fixed length control field 01632cab a2200265 4500
001 - CONTROL NUMBER
control field E2265
008 - FIXED-LENGTH DATA ELEMENTS--GENERAL INFORMATION
fixed length control field 090401t1995 xxu||||| |||| 00| 0 eng d
035 ## - SYSTEM CONTROL NUMBER
System control number (Sirsi) u38499
041 ## - LANGUAGE CODE
Language code of text/sound track or separate title eng
245 ## - TITLE STATEMENT
Title City of Aberdeen District Council v Emslie & Simpson Ltd
260 ## - PUBLICATION, DISTRIBUTION, ETC.
Date of publication, distribution, etc. 1995
350 ## - PRICE (NR) (BK AM CF MU VM SE) [OBSOLETE]
Price 0
490 ## - SERIES STATEMENT
Series statement Scottish Civil Law Reports
Volume/sequential designation 1995 SCLR 317-324
520 ## - SUMMARY, ETC.
Summary, etc. Court of Session. Inner House (First Division). Lord President (Hope), Lord Morison and Lord Weir. 24 January 1995. Lands Tribunal for Scotland - compulsory purchase compensation claim - Tribunal making award of expenses to claimants - appeal against that decision - advance payment of compensation exceeding compensation award - award falling far short of claim - neither advance payment nor difference between claim and award relevant to question of award of expenses - major consideration bearing on expenses that award substantially exceeded compensation offered - no error of law on part of Tribunal - Land Compensation (Scotland) Act 1963 (c.51), ss.8,11 - Land Compensation (Scotland) Act 1973 (c.56), s.48 - Lands Tribunal for Scotland Rules 1971 (S.I. 1971/218), rule 33(1).
650 ## - SUBJECT ADDED ENTRY--TOPICAL TERM
Topical term or geographic name entry element ABDERDEEN DC V EMSLIE AND SIMPSON
650 ## - SUBJECT ADDED ENTRY--TOPICAL TERM
Topical term or geographic name entry element Compulsory purchase
9 (RLIN) 6228
650 ## - SUBJECT ADDED ENTRY--TOPICAL TERM
Topical term or geographic name entry element DISTURBANCE PAYMENTS
650 ## - SUBJECT ADDED ENTRY--TOPICAL TERM
Topical term or geographic name entry element LAND COMPENSATION (SCOTLAND) ACT 1963
650 ## - SUBJECT ADDED ENTRY--TOPICAL TERM
Topical term or geographic name entry element LAND COMPENSATION (SCOTLAND) ACT 1973
650 ## - SUBJECT ADDED ENTRY--TOPICAL TERM
Topical term or geographic name entry element LANDS TRIBUNAL FOR SCOTLAND
650 ## - SUBJECT ADDED ENTRY--TOPICAL TERM
Topical term or geographic name entry element LANDS TRIBUNAL RULES 1971
690 ## - LOCAL SUBJECT ADDED ENTRY--TOPICAL TERM (OCLC, RLIN)
Topical term or geographic name as entry element ENVIRONMENTAL AND LAND CONSULTANCY-PLANNING AND DEVELOPMENT-COMPULSORY PURCHASE AND COMPENSATION
942 ## - ADDED ENTRY ELEMENTS (KOHA)
Suppress in OPAC 0
948 ## - LOCAL PROCESSING INFORMATION (OCLC); SERIES PART DESIGNATOR (RLIN)
c (OCLC) 04/03/1997
Holdings
Withdrawn status Lost status Source of classification or shelving scheme Damaged status Not for loan Home library Current library Shelving location Date acquired Total Checkouts Full call number Barcode Date last seen Copy number Price effective from Koha item type
    Dewey Decimal Classification     London London Journal article 14/09/1999   E2265 38499-1001 06/08/2019 1 06/08/2019 Law report